|
|
|
|
| LEADER |
00724nam a22001937a 4500 |
| 999 |
|
|
|c 143710
|d 143710
|
| 020 |
|
|
|a 9780190674809
|
| 082 |
|
|
|a 944.04
|b DAV/R
|
| 245 |
|
|
|a Rethinking the age of revolutions:
|b France and the birth of the modern world/
|c by David A Bell (ed.) and Yasir Mintzker (ed.)
|
| 260 |
|
|
|a New York:
|b Oxford University Press,
|c 2018.
|
| 300 |
|
|
|a 287p.
|
| 650 |
|
|
|a Revolution History France
|
| 650 |
|
|
|a France Politics Government
|
| 650 |
|
|
|a History Modern
|
| 650 |
|
|
|a History
|
| 700 |
|
|
|a David A Bell (ed.)
|
| 700 |
|
|
|a Yasir Mintzker (ed.)
|
| 942 |
|
|
|c BK
|
| 952 |
|
|
|0 0
|1 0
|4 0
|6 944_040000000000000_DAV_R
|7 0
|9 100525
|a SSUS
|b SSUS
|c STACKS
|d 2019-11-05
|g 1395.00
|o 944.04 DAV/R
|p 097280
|r 2019-11-05
|w 2019-11-05
|y BK
|